书目信息 |
| 题名: |
我是一腕儿啊
|
|
| 作者: | 董鹏 著 | |
| 分册: | ||
| 出版信息: | 北京 中国工人出版社 2004.01 |
|
| 页数: | 305页 | |
| 开本: | 21cm | |
| 丛书名: | DJ三部曲 | |
| 单 册: | ||
| 中图分类: | I247.57 | |
| 科图分类: | ||
| 主题词: | 长篇小说--chang pian xiao shuo--中国--当代 | |
| 电子资源: | ||
| ISBN: | 7-5008-3191-9 | |
| 000 | 00876nam 2200265 450 | |
| 001 | 012008964284 | |
| 005 | 20080319153359.79 | |
| 010 | @a7-5008-3191-9@dCNY19.80 | |
| 100 | @a20080319d2004 km y0chiy0120 ea | |
| 101 | 0 | @achi |
| 102 | @aCN@b110000 | |
| 105 | @ay z 000ay | |
| 106 | @ar | |
| 200 | 1 | @a我是一腕儿啊@Awo shi yi wan er a@f董鹏著@Fdong peng zhu |
| 210 | @a北京@c中国工人出版社@d2004.01 | |
| 215 | @a305页@d21cm | |
| 225 | 2 | @aDJ三部曲@ADJ san bu qu |
| 314 | @a董鹏, 北京人,中国著名广播主持人,全国DJ大赛金奖得主,荣获中国十大DJ。 | |
| 330 | @a本书讲述了米多多成“腕儿”之后在电台遭遇尴尬处境,终日所累年缚,苦陷挣扎,不得解脱…… | |
| 410 | 0 | @12001 @aDJ三部曲 |
| 606 | 0 | @a长篇小说@Achang pian xiao shuo@y中国@z当代 |
| 690 | @aI247.57@v4 | |
| 701 | 0 | @a董鹏@Adong peng@4著 |
| 801 | 0 | @aCN@bQSSK@c20080319 |
| 905 | @b20287667-70@dI247.57@eD722@f4 | |
| 我是一腕儿啊/董鹏著.-北京:中国工人出版社,2004.01 |
| 305页;21cm.-(DJ三部曲) |
| ISBN 7-5008-3191-9:CNY19.80 |
| 本书讲述了米多多成“腕儿”之后在电台遭遇尴尬处境,终日所累年缚,苦陷挣扎,不得解脱…… |
| ● |
| 相关链接 |
|
|
|
正题名:我是一腕儿啊
索取号:I247.57/D722
 
预约/预借
| 序号 | 登录号 | 条形码 | 馆藏地/架位号 | 状态 | 备注 |
| 1 | 287667 | 202876673 | 文学库108/108文学库 48排1列2层/ [索取号:I247.57/D722] | 在馆 | |
| 2 | 287668 | 202876682 | 文学库108/108文学库 48排1列2层/ [索取号:I247.57/D722] | 在馆 | |
| 3 | 287669 | 202876691 | 自科二线404/108文学库 48排1列1层/ [索取号:I247.57/D722] | 在馆 | |
| 4 | 287670 | 202876708 | 自科二线404/108文学库 48排1列1层/ [索取号:I247.57/D722] | 在馆 |